000 00479cam a22001934a 4500
005 20250605164145.0
008 250528s ||||||||||||||||||||||||d
035 _a19124
020 _a132097834
040 _aGR-AtMCL
_bgre
_dGR-AtMCL
_eAACR2
245 1 _aA Dictionary for Accountants / Fifth Edition
250 _a5th
260 _bPrentice Hall Inc,
_c1975
300 _a502
700 1 _aKohler Eric L
_95372
942 _cBK
999 _c4403
_d4403